000 00573nam a22002297a 4500
003 UA-OsUOA
001 48989
007 ta
008 20070913b un ||||| |||| 00| 0 ukr d
100 _aСеменчук І.Р.
090 _a82
_bС30
942 _cBK
040 _aUA-OsUOA
_bukr
_cUA-OsUOA
_dUA-OsUOA
245 _aМихайло Стельмах
300 _a222 с.
955 _a1
041 _aukr
080 _a82
260 _aК.
_bДніпро
_c1982
650 7 _a82 Література. Літературознавство
_2UDC
999 _c335110
_d335110